000 01069nam a2200229Ia 4500
999 _c50987
_d50987
001 17944
003 GE_BSU
005 20200302103439.0
008 181216s1974 xx |||||||||||||| || ||
040 _cGE_BSU
041 _ageo
080 _a811.353.1'282 ი-50
100 _aიმნაიშვილი, გრიგოლ.
_97661
245 _aქართლური დიალექტი.:
_bნაწ. 1. გამოკვლევა /
_cგრიგოლ იმნაიშვილი ; რედ. ელ.ფანჩვიძე ; არ. მარტიროსოვი.
264 _aთბილისი :
_bმეცნიერება,
_c1974.
300 _a279 გვ. :
_c23 სმ.
653 _aქართლური დიალექტი
653 _aქართული ენის დიალექტები
700 _aფანჩვიძე, ელ.
_eრედაქტორი
_97662
700 _aმარტიროსოვი, არ
_eრედაქტორი
_97663
942 _cBK
_2udc